GATE papers solved and unsolved in civil engineering (Record no. 44254)

MARC details
000 -LEADER
fixed length control field 00464nam a2200169 a 4500
005 - DATE AND TIME OF LATEST TRANSACTION
control field 20231106112830.0
008 - FIXED-LENGTH DATA ELEMENTS--GENERAL INFORMATION
fixed length control field 960221s1955 dcuabcdjdbkoqu001 0deng d
080 ## - UNIVERSAL DECIMAL CLASSIFICATION NUMBER
Universal Decimal Classification number (079.1):624
Item number GAT
245 ## - TITLE STATEMENT
Title GATE papers solved and unsolved in civil engineering
250 ## - EDITION STATEMENT
Edition statement 4th ed
260 ## - PUBLICATION, DISTRIBUTION, ETC. (IMPRINT)
Place of publication, distribution, etc New Delhi
Name of publisher, distributor, etc G.K. Publishers Pvt Ltd.
Date of publication, distribution, etc 2001
300 ## - PHYSICAL DESCRIPTION
Extent Various pagination
500 ## - GENERAL NOTE
General note
653 ## - INDEX TERM--UNCONTROLLED
Uncontrolled term GATE - Civil Engineering 1990 - 2000
942 ## - ADDED ENTRY ELEMENTS (KOHA)
item type Books
003 - CONTROL NUMBER IDENTIFIER
control field ViArRB
Holdings
Lost status Source of classification or shelving scheme Not for loan Home library Current library Date acquired Total Checkouts Full call number Barcode Date last seen Price effective from Koha item type
  Universal Decimal Classification   University Library University Library 16/06/2010   (079.1):624 GAT 00048407 16/06/2010 16/06/2010 Books
University Library, CUSAT